| 000 | 00659cam a2200229 i 4500 | ||
|---|---|---|---|
| 001 | 1127843426 | ||
| 003 | OCoLC | ||
| 005 | 20250612150413.0 | ||
| 008 | 191106t20202020mduab b 001 0 eng d | ||
| 015 |
_aGBB9I5765 _2bnb |
||
| 020 | _a9780801474996 | ||
| 020 | _a9780801474996 | ||
| 020 | _a9780801474996 | ||
| 020 | _a1538126206 | ||
| 100 | 1 | _aMccargo,Duncan | |
| 245 | 1 | 0 |
_aTearing apart the land: _bIslam and legitimacy in southern Thailand. |
| 264 | 1 |
_aLondon: _bCornell University Press, _c2008 |
|
| 300 |
_axxiii,299,pages : _c26 cm |
||
| 650 | 0 |
_aAnthropology _xPhilosophy _xHistory _vSources |
|
| 700 | 1 | _aMccargo,Duncan. | |
| 942 |
_2ddc _cMAIN |
||
| 999 |
_c10361 _d10362 |
||